| 000 | 00601nam a22002053a 4500 | ||
|---|---|---|---|
| 005 | 20240925064936.0 | ||
| 008 | 011030s1985 es r 000 0 spa d | ||
| 020 | _a8427114109 | ||
| 035 | _aUPN01000113631 | ||
| 049 | _aCG | ||
| 050 | 4 |
_aLB1051 _bB4.28 |
|
| 100 | 1 | _aBeyer, Günther | |
| 245 | 1 | 0 |
_aAprendizaje creativo / _cGünter Beyer ; tr. Abelardo Martínez de Lapera. |
| 260 |
_aBilbao, Esp. : _bMensajero, _c1985 |
||
| 300 |
_a227 p. : _bil. |
||
| 534 |
_pTraducción de: _tCreatives lernen |
||
| 650 | 4 |
_aPsicología del aprendizaje _95221 |
|
| 650 | 4 |
_aMNEMOTECNIA _95322 |
|
| 905 | _aLibro | ||
| 999 |
_c87539 _d87539 |
||